Real or fake cities: Europe - Statistics

General Stats
  • This quiz has been taken 26 times
  • The average score is 5 of 15
Answer Stats
Question Answer % Correct
Greece Moussaka
100%
Belgium Roodhog
75%
Luxembourg Culottes
50%
Belarus Hadokbut
50%
Norway Thorhammer
50%
Lithuania Assgas
25%
Denmark Bajerbaeting
25%
Moldova Irelilothiu
25%
Germany Knickerzburg
25%
Bosnia and Herzegovina Krafno bez Pekmeza
25%
Austria Schlechter Boden
25%
Ireland Cabbidge More
0%
Switzerland La Choux-sur-Seins
0%
France Ste-Blaireau-sur-Poulet
0%
Andorra Teixó al Microones
0%
No matching quizzes found
Score Distribution
Percent of People with Each Score
Percentile by Number Answered
Your Score History
You have not taken this quiz